LEADER 01066nam a2200277 i 4500 001 000000110699 003 CaOOAMICUS 005 20210113093718.0 008 030117s2002 it u000 u ita u 013 $a83380 020 $a84-96075-08-7 040 $aSeMil$bita 100 1 $aSalinger, Jerome David,$d<1919-2010>.$0(OLS)http://semarc/name/46404 240 14$aThe catcher in the rye.$0(OLS)http://semarc/title/432741 245 13$aIl giovane Holden /$cJ. D. Salinger. 264 1$aRoma :$bLa Biblioteca di Repubblica,$c2002. 300 $a238 p. ;$c21 cm. 490 0 $aNovecento 830 0$aNovecento.$0(OLS)http://semarc/title/8369 850 $aSeMil 852 $aSeMil$W1$xVenegono$y1$m1O V 170$j66562$B66562$CSeMilBibl$Z2$F73716 $81 961 $aOmaggio: Ghiringhelli prof. Livio 996 $6020$a84-96075-08-7$9(OLS)http://semarc/number/92582 996 $6245$aIl giovane Holden$9(OLS)http://semarc/title/160938 996 $6264$aRoma :$bLa Biblioteca di Repubblica$9(OLS)http://semarc/publisher/32010 LEADER 00733nam a2200205 i 4500 001 000000058738 003 CaOOAMICUS 005 20260126142226.0 008 071011s1949 fr u000 u fre u 013 $a29910 040 $aSeMil$bita 100 1 $aBeauvoir, Simone : de,$d<1908-1986>.$0(OLS)http://semarc/name/951 245 14$aLes faits et les mythes /$cSimone de Beauvoir. 300 $a395 p. 773 0 $aBeauvoir, Simone : de <1908-1986>$tDeuxième sexe.$dParis : Gallimard, 1949-$g1$w()1095 850 $aSeMil 852 $aSeMil$W1$xVenegono$y1$m1T IV 95$j246331$B24891$CSeMilBibl$Z2$F24894 $81 961 $aRecupero: Altro 996 $6245$aLes faits et les mythes$9(OLS)http://semarc/title/91617